| 000 | 00704nam a2200241Ia 4500 | ||
|---|---|---|---|
| 003 | OSt | ||
| 005 | 20230518100251.0 | ||
| 008 | 210423s2006 xx 000 0 und d | ||
| 020 | _a978-3-540-33389-0 | ||
| 040 | _cAL | ||
| 041 | _aeng | ||
| 082 | _a530.474 PAPP | ||
| 100 |
_aPAPON (Pierre);LEBLOND (Jacques);MEIJER (Paul H E) _9107661 |
||
| 245 | _aPhysics of phase transitions:concepts and applications Ed 2 | ||
| 250 | _a2 | ||
| 260 |
_aNew York _bSpringer Verlag _c2006 |
||
| 300 |
_axvii,409 _bHB |
||
| 365 |
_b9584.01 _cEUR |
||
| 650 |
_aPhysics _9107662 |
||
| 650 |
_aStates of Matter _9107663 |
||
| 906 | _aapplications ; Ed ; phase ; Physics ; transitions:concepts | ||
| 942 |
_2ddc _cBK |
||
| 999 |
_c167681 _d167681 |
||